000 00642nam a2200241Ia 4500
003 OSt
005 20221007102355.0
006 a|||||r|||| 00| 0
007 ta
008 221006b |||||||| |||| 00| 0 eng d
024 _a10,144
037 _cTextual
040 _aLCO
_cLCO
_beng
041 _2eng
_aeng
082 _aZ2,515, P1
100 _aSARIET Au.
_9704506
245 0 _aLandmark Judgments On Violence Against Women & Children From South Asia
260 _aSA
_bSouth Asia
_c2006
300 _a681
490 _vRef
942 _hZ2,515, P1
_cTEXL
999 _c1179707
_d1179707